|
|
|
|
| LEADER |
00000nam0a2200000 4500 |
| 001 |
284158 |
| 005 |
20231101235652.0 |
| 020 |
|
|
|a RU
|b 85-25525
|
| 035 |
|
|
|a (RuTPU)RU\TPU\book\308297
|
| 090 |
|
|
|a 284158
|
| 100 |
|
|
|a 20150212d1985 km y0rusy5003 ca
|
| 101 |
0 |
|
|a rus
|
| 102 |
|
|
|a RU
|
| 105 |
|
|
|a y z 001zy
|
| 200 |
1 |
|
|a Региональные особенности формирования и использования общественных фондов потребления
|f А. С. Ревайкин, Т. В. Трошина
|g Академия наук СССР (АН СССР), Дальневосточное отделение (ДВО), Институт экономических исследований (ИЭИ) ; под ред. Б. В. Ракитского
|
| 210 |
|
|
|a Москва
|c Наука
|d 1985
|
| 215 |
|
|
|a 125 с.
|
| 225 |
1 |
|
|a Проблемы советской экономики
|
| 320 |
|
|
|a Библиогр. в тексте
|
| 606 |
1 |
|
|a Общественные фонды потребления
|2 stltpush
|3 (RuTPU)RU\TPU\subj\36544
|9 57885
|
| 610 |
1 |
|
|a экономика
|
| 610 |
1 |
|
|a Дальний Восток
|
| 610 |
1 |
|
|a региональные особенности
|
| 610 |
1 |
|
|a материальное благосостояние
|
| 610 |
1 |
|
|a общественные фонды
|
| 610 |
1 |
|
|a распределительные отношения
|
| 610 |
1 |
|
|a население
|
| 675 |
|
|
|a 658.15
|v 3
|
| 700 |
|
1 |
|a Ревайкин
|b А. С.
|g Алексей Севастьянович
|
| 701 |
|
1 |
|a Трошина
|b Т. В.
|g Татьяна Васильевна
|
| 702 |
|
1 |
|a Ракитский
|b Б. В.
|4 340
|
| 712 |
0 |
2 |
|a Академия наук СССР (АН СССР)
|b Дальневосточное отделение (ДВО)
|b Институт экономических исследований (ИЭИ)
|c (Хабаровск)
|2 stltpush
|3 (RuTPU)RU\TPU\col\20855
|
| 801 |
|
0 |
|a RU
|b RuMRKP
|c 19950704
|g psbo
|
| 801 |
|
1 |
|a RU
|b 63413507
|c 20150212
|
| 801 |
|
2 |
|a RU
|b 63413507
|c 20170828
|g RCR
|
| 942 |
|
|
|c BK
|